On-line monitoring technology for sulfur content in the oil; Методология проектирования молодежного научно-инновационного пространства для российской энергетики

Dettagli Bibliografici
Parent link:Методология проектирования молодежного научно-инновационного пространства для российской энергетики.— 2013.— [С. 182-184]
Autore principale: Ismaylov N. N.
Altri autori: Antropov N. A. (научный консультант), Kryuchkov Yu.Yu. Yuri Yurievich
Riassunto:Заглавие с экрана
This article depicts importance of determining sulfur content in the oil and developing device which will allow running on-line measurements of sulfur content in the oil.
Lingua:inglese
Pubblicazione: 2013
Serie:Nuclear technologies as integral part of engineering sciencein the modern world
Soggetti:
Accesso online:http://www.lib.tpu.ru/fulltext/c/2013/C07/047.pdf
Natura: MixedMaterials Elettronico Capitolo di libro
KOHA link:https://koha.lib.tpu.ru/cgi-bin/koha/opac-detail.pl?biblionumber=241906

MARC

LEADER 00000naa2a2200000 4500
001 241906
005 20251218111134.0
035 |a (RuTPU)RU\TPU\book\263195 
035 |a RU\TPU\book\263120 
090 |a 241906 
100 |a 20130821d2013 k y0rusy50 ba 
101 0 |a eng 
102 |a RU 
135 |a drcn ---uucaa 
200 1 |a On-line monitoring technology for sulfur content in the oil  |f N. N. Ismaylov  |g sci. adv. N. A. Antropov ; sci. adv. Yu.Yu. Kryuchkov 
215 |a 1 файл(215 Кб) 
225 1 |a Nuclear technologies as integral part of engineering sciencein the modern world 
300 |a Заглавие с экрана 
320 |a [Библиогр.: с. 184 (10 назв.)] 
330 |a This article depicts importance of determining sulfur content in the oil and developing device which will allow running on-line measurements of sulfur content in the oil. 
337 |a Adobe Reader 
463 1 |0 (RuTPU)RU\TPU\book\258133  |t Методология проектирования молодежного научно-инновационного пространства для российской энергетики  |l Strategy design of youth science and innovation environment for modern engineer training  |o сборник научных трудов Международной молодежной научной школы, г. Томск, 27 - 29 марта 2013 г.  |f Национальный исследовательский Томский политехнический университет (ТПУ)  |v [С. 182-184]  |d 2013 
610 1 |a электронный ресурс 
610 1 |a труды учёных ТПУ 
610 1 |a X-ray tubes 
610 1 |a transmission 
610 1 |a methods 
610 1 |a oil 
700 1 |a Ismaylov  |b N. N. 
702 1 |a Antropov  |b N. A.  |4 695 
702 1 |a Kryuchkov  |b Yu.Yu.  |c physicist  |c Professor of Tomsk Polytechnic University, Doctor of physical and mathematical science  |f 1945-  |g Yuri Yurievich  |3 (RuTPU)RU\TPU\pers\30834  |4 695 
801 1 |a RU  |b 63413507  |c 20101016 
801 2 |a RU  |b 63413507  |c 20220328  |g RCR 
856 4 |u http://www.lib.tpu.ru/fulltext/c/2013/C07/047.pdf 
942 |c CF